[Event "EU-Cup 33rd"]
[Site "Antalya"]
[Date "2017.10.08"]
[Round "1.3"]
[White "Kocak, Can"]
[Black "Mihajlov, Sebastian"]
[Result "1/2-1/2"]
[WhiteElo "2039"]
[BlackElo "2393"]
[PlyCount "98"]
[EventDate "2017.10.08"]
[EventType "team-swiss"]
[EventRounds "7"]
[EventCountry "TUR"]
[SourceTitle "CBM 181"]
[Source "ChessBase"]
[SourceDate "2017.11.10"]
[SourceVersion "1"]
[SourceVersionDate "2017.11.10"]
[SourceQuality "1"]
[WhiteTeam "Karaman Belediye"]
[BlackTeam "Oslo Schakselskap"]
[WhiteTeamCountry "TUR"]
[BlackTeamCountry "NOR"]

1. e4 e6 2. d4 d5 3. Nd2 a6 4. Ngf3 c5 5. exd5 exd5 6. dxc5 Bxc5 7. Nb3 Bb6 8. Bd3 Nf6 9. Qe2+ Kf8 10. 0-0 Nc6 11. h3 Qd6 12. Be3 d4 13. Bg5 h6 14. Bxf6 Qxf6 15. Rad1 g6 16. Be4 Kg7 17. Bxc6 bxc6 18. Nfxd4 c5 19. Qf3 Qxf3 20. Nxf3 Be6 21. Ne5 Rhd8 22. Nd2 Bc7 23. Ndf3 Kf6 24. Ng4+ Kg7 25. Ne3 Bf4 26. b3 Bxe3 27. fxe3 a5 28. a4 Bf5 29. Rxd8 Rxd8 30. Rc1 Be4 31. Kf2 g5 32. Ke2 Rc8 33. g3 Bxf3+ 34. Kxf3 c4 35. Rb1 cxb3 36. cxb3 Rc3 37. Ke4 Rc2 38. Rd1 Rh2 39. Rd5 Rxh3 40. Kf3 Rh5 41. Kg4 Rh2 42. Rxa5 Rf2 43. e4 Kg6 44. Ra6+ f6 45. Kh3 h5 46. g4 Rf3+ 47. Kg2 Rxb3 48. gxh5+ Kxh5 49. Rxf6 Rb4 1/2-1/2

[Event "Istanbul op"]
[Site "Istanbul"]
[Date "2017.09.12"]
[Round "2"]
[White "Kocak, Can"]
[Black "Citak, Selim"]
[Result "1/2-1/2"]
[WhiteElo "1971"]
[BlackElo "2318"]
[PlyCount "42"]
[EventDate "2017.09.11"]
[EventType "swiss"]
[EventRounds "9"]
[EventCountry "TUR"]
[SourceTitle "CBM 180 Extra"]
[Source "ChessBase"]
[SourceDate "2017.10.06"]
[SourceVersion "1"]
[SourceVersionDate "2017.10.06"]
[SourceQuality "1"]

1. e4 c5 2. Nc3 Nc6 3. g3 g6 4. Bg2 Bg7 5. d3 d6 6. Be3 Nf6 7. h3 0-0 8. Nge2 e5 9. f4 Nd4 10. g4 b5 11. Qd2 b4 12. Nd1 exf4 13. Bxf4 Nxe2 14. Qxe2 d5 15. Ne3 dxe4 16. dxe4 Bb7 17. e5 Bxg2 18. Qxg2 Nd7 19. 0-0-0 Qe8 20. Nc4 Nxe5 21. Rhe1 Qc6 1/2-1/2

[Event "TUR-chT 1st League"]
[Site "Konya"]
[Date "2017.07.21"]
[Round "7.8"]
[White "Kocak, Can"]
[Black "Danaci, Ege"]
[Result "1/2-1/2"]
[WhiteElo "1976"]
[BlackElo "1705"]
[PlyCount "91"]
[EventDate "2017.07.17"]
[EventType "team-swiss"]
[EventRounds "9"]
[EventCountry "TUR"]
[SourceTitle "CBM 179 Extra"]
[Source "ChessBase"]
[SourceDate "2017.08.23"]
[SourceVersion "1"]
[SourceVersionDate "2017.08.23"]
[SourceQuality "1"]
[WhiteTeam "Karaman Saglik"]
[BlackTeam "Karsiyaka Ihtisas"]
[WhiteTeamCountry "TUR"]
[BlackTeamCountry "TUR"]

1. e4 c5 2. Nc3 d6 3. g3 g6 4. Bg2 Bg7 5. d3 Nc6 6. Be3 Nf6 7. h3 Rb8 8. f4 0-0 9. Nge2 Nd7 10. 0-0 Nd4 11. g4 b5 12. Qd2 b4 13. Nd1 a5 14. Ng3 e6 15. c3 bxc3 16. bxc3 Nc6 17. e5 d5 18. Nb2 Qc7 19. Na4 d4 20. Bf2 f6 21. cxd4 Nxd4 22. Bxd4 cxd4 23. Rac1 Qa7 24. exf6 Bxf6 25. Ne4 Rb4 26. Nac5 Nxc5 27. Rxc5 Be7 28. Rc6 Bd7 29. Rc2 Ba4 30. Rb2 Qb8 31. Rxb4 Qxb4 32. Qe2 Bd6 33. Ng5 Bd7 34. Nxe6 Re8 35. Bd5 Bxe6 36. Bxe6+ Kh8 37. Qe4 Bb8 38. Qd5 Bxf4 39. Bf7 Re1 40. Qf3 Qd2 41. Rxe1 Qxe1+ 42. Kg2 Qd2+ 43. Qf2 Qxf2+ 44. Kxf2 Kg7 45. Kf3 Be3 46. Bb3 1/2-1/2

[Event "TUR-chT 1st League"]
[Site "Konya"]
[Date "2017.07.19"]
[Round "4.4"]
[White "Nalbant, Tuna Onat"]
[Black "Kocak, Can"]
[Result "1/2-1/2"]
[WhiteElo "2037"]
[BlackElo "1976"]
[PlyCount "63"]
[EventDate "2017.07.17"]
[EventType "team-swiss"]
[EventRounds "9"]
[EventCountry "TUR"]
[SourceTitle "CBM 179 Extra"]
[Source "ChessBase"]
[SourceDate "2017.08.23"]
[SourceVersion "1"]
[SourceVersionDate "2017.08.23"]
[SourceQuality "1"]
[WhiteTeam "Manisa Turkuaz"]
[BlackTeam "Karaman Saglik"]
[WhiteTeamCountry "TUR"]
[BlackTeamCountry "TUR"]

1. e4 d6 2. d4 Nf6 3. Nc3 g6 4. Be3 c6 5. f3 b5 6. Qd2 Nbd7 7. h4 Nb6 8. g4 h5 9. g5 Nfd7 10. d5 Ne5 11. Bd4 b4 12. Nd1 c5 13. Bxe5 dxe5 14. Ne3 Bg7 15. a3 a5 16. c3 Qd6 17. Bb5+ Bd7 18. Bxd7+ Kxd7 19. Ne2 Rhb8 20. Kf2 Ke8 21. a4 b3 22. c4 e6 23. Nc3 f5 24. Nb5 Qd7 25. Qd3 exd5 26. exd5 Kf7 27. Qxb3 Kg8 28. Rad1 e4 29. f4 Nc8 30. Qa3 Bf8 31. d6 Qe6 32. Nd5 1/2-1/2

[Event "Cesme op 5th"]
[Site "Cesme"]
[Date "2017.06.15"]
[Round "6"]
[White "Kocak, Can"]
[Black "Rzayev, Askar Aliakbar"]
[Result "0-1"]
[WhiteElo "1930"]
[BlackElo "2082"]
[PlyCount "94"]
[EventDate "2017.06.12"]
[EventType "swiss"]
[EventRounds "9"]
[EventCountry "TUR"]
[SourceTitle "CBM 178 Extra"]
[Source "ChessBase"]
[SourceDate "2017.06.22"]
[SourceVersion "1"]
[SourceVersionDate "2017.06.22"]
[SourceQuality "1"]

1. e4 c5 2. Nc3 Nc6 3. g3 g6 4. Bg2 Bg7 5. d3 d6 6. Be3 Rb8 7. Nge2 Nd4 8. Qd2 Bg4 9. Ng1 Qb6 10. Rb1 Qa5 11. h3 Bd7 12. Nge2 b5 13. a3 h5 14. f4 e6 15. 0-0 Ne7 16. Rbe1 b4 17. axb4 Qxb4 18. b3 a5 19. Kh1 Nxe2 20. Nxe2 Qxd2 21. Bxd2 a4 22. Bc3 Bxc3 23. Nxc3 axb3 24. Rb1 b2 25. Nd1 Nc6 26. Nxb2 Nd4 27. Nc4 Ke7 28. Ne3 Ba4 29. Ra1 Nxc2 30. Nxc2 Bxc2 31. Ra7+ Kf6 32. e5+ dxe5 33. fxe5+ Kxe5 34. Raxf7 Rb1 35. Rxb1 Bxb1 36. Rc7 Bxd3 37. Rxc5+ Kd4 38. Rc6 Bf5 39. Kg1 Rb8 40. Rd6+ Ke3 41. Ra6 Rb1+ 42. Kh2 Rb2 43. Ra4 e5 44. g4 hxg4 45. hxg4 Bc2 46. Ra3+ Kf4 47. Ra5 Be4 0-1

[Event "TUR Cup"]
[Site "Antalya"]
[Date "2017.02.02"]
[Round "9"]
[White "Gencsoy, Sukru Gorkem"]
[Black "Kocak, Can"]
[Result "0-1"]
[WhiteElo "1614"]
[BlackElo "1944"]
[PlyCount "37"]
[EventDate "2017.01.28"]
[EventType "swiss"]
[EventRounds "11"]
[EventCountry "TUR"]
[SourceTitle "CBM 176 Extra"]
[Source "ChessBase"]
[SourceDate "2017.03.02"]
[SourceVersion "1"]
[SourceVersionDate "2017.03.02"]
[SourceQuality "1"]

1. e4 d6 2. d4 Nf6 3. Bd3 g6 4. f4 Bg7 5. Nf3 0-0 6. c3 Nc6 7. 0-0 Kh8 8. e5 Nd5 9. Be4 dxe5 10. fxe5 f6 11. c4 Nb6 12. b3 fxe5 13. d5 Nd4 14. Nbd2 Bf5 15. Bb2 Nxf3+ 16. Qxf3 e6 17. c5 Bxe4 18. Qxe4 exd5 19. Qe3 0-1